Episcopal admonition by the Right Reverend Father in God, Dr. Joseph Hall, Late Lord Bishop of Exeter, : sent in a letter to the House of Commons, April 28. 1628.

Bibliographic Details
Main Author: Hall, Joseph, 1574-1656
Corporate Author: England and Wales. House of Commons
Format: eBook
Language:English
Published: London : printed for C.G., 1681.
Series:Early English books online.
Subjects:
Online Access:Connect to the full text of this electronic book

MARC

Tag First Indicator Second Indicator Subfields
LEADER 00000nam a2200000 4500
001 in00004189621
005 20200806082402.0
006 m g d
007 cr bn |||a|bb|
008 860528s1681 enk o 00 eng d
035 |a (OCoLC)13649325 
035 |a (UnM)99888083 
037 |a CL2105000002  |b ProQuest Information and Learning. 300 N. Zeeb Rd., Ann Arbor, MI 48106 
040 |a Cu-RivES  |c Cu-RivES  |d CStRLIN  |d Cu-RivES  |e dcrb 
100 1 |a Hall, Joseph,  |d 1574-1656. 
245 1 0 |a Episcopal admonition by the Right Reverend Father in God, Dr. Joseph Hall, Late Lord Bishop of Exeter, :  |b sent in a letter to the House of Commons, April 28. 1628. 
260 |a London :  |b printed for C.G.,  |c 1681. 
300 |a 1 online resource (1 sheet ([1] pages). 
336 |a text  |b txt  |2 rdacontent 
337 |a computer  |b c  |2 rdamedia 
338 |a online resource  |b cr  |2 rdacarrier 
500 |a Reproduction of original in the British Library. 
510 4 |a Wing (CD-ROM, 1996)  |c H382 
510 4 |a Early English books tract supplement interim guide  |c T.3*.[75] 
533 |a Electronic reproduction.  |b Ann Arbor, Mich. :  |c UMI,  |d 1999-  |f (Early English books online)  |n Digital version of: (Early English books; Tract supplement ; F2:2[74])  |7 s1999 miun s 
610 2 0 |a Church of England  |x Bishops  |v Early works to 1800. 
650 0 |a Episcopacy  |v Early works to 1800. 
655 7 |a Broadsides  |z England  |y 17th century.  |2 rbgenr 
710 1 |a England and Wales.  |b House of Commons. 
830 0 |a Early English books online. 
856 4 0 |u http://proxy.library.tamu.edu/login?url=https://search.proquest.com/docview/2240882054  |z Connect to the full text of this electronic book  |t 0 
999 f f |s df081a21-da2a-321f-a624-ecc888bd20b8  |i f6e86eda-8ec7-37fc-bb1e-e4771fbe6317  |t 0 
952 f f |a Texas A&M University  |b College Station  |c Electronic Resources  |d Available Online  |t 0  |h No information provided 
998 f f |t 0  |l Available Online